Statistics for U.S. General Knowledge #47

Click here to take the quiz!

General Stats

  • This quiz has been taken 8,697 times
  • The average score is 13 of 20

Answer Stats

QuestionAnswer% Correct
What can Mr. Ed do that other horses cannot?Talk
80%
What industry was J.P. Morgan involved in?Banking
76%
What were Larry, Moe, and Curly (or sometimes Shemp) known as collectively?The Three Stooges
76%
What city has suburbs named Salem, Braintree, and Quincy?Boston
74%
What is the first name of Ms. Miranda, Electra, and Sandiego?Carmen
74%
What company with the stock symbol F was founded in Michigan in 1903?Ford
74%
What must nearly all American men register for at age 18?The Selective Service
(aka, the Draft)
74%
Who broke baseball's "color barrier" in 1947?Jackie Robinson
72%
What is the name of an African-American magazine and a type of wood?Ebony
70%
What company is famous for sponsoring the blimps that provide aerial footage
of major sporting events?
Goodyear
69%
Who has been married to both Tommy Lee and Kid Rock?Pamela Anderson
68%
What TV cartoon introduced the exclamation "Zoinks!" to express surprise and fear?Scooby-Doo
64%
Who wrote "The Fall of the House of Usher" and "The Tell-Tale Heart"?Edgar Allan Poe
61%
What U.S. mountain was 1300 feet shorter in 1981 than it was in 1980?Mount St. Helens
61%
What is the name of a gay neighborhood in San Francisco and a Latin American dictator?Castro
58%
Who had a sign on his desk that said "the buck stops here"?Harry S. Truman
54%
What is the name of the largest island in Alaska and a subspecies of brown bear?Kodiak
52%
Which U.S. state has more registered corporations than any other?Delaware
47%
Who was Abraham Lincoln talking about when he said: "I cannot spare this man. He fights."?Ulysses S. Grant
46%
Which U.S. newspaper has the most paid subscribers?
(Hint: There's no city in its name)
USA Today
39%

Score Distribution

Percentile by Number Answered

Percent of People with Each Score

Your Score History

You have not taken this quiz